Statistics for National Mutt Day

Click here to take the quiz!

General Stats

  • This quiz has been taken 4 times
  • The average score is 5 of 12

Answer Stats

QuestionAnswer% Correct
Miracle Milly holds the Guinness World Record for smallest dog ever
recorded. Can you guess what breed she is?
Chihuahua
100%
From what species did the dog evolve from?Wolf
100%
What does the name "Collie" mean? (Hint: It's a color)Black
67%
What species of domestic dog has held a spot in the AKC's list of top
10 most popular dogs for the most consecutive years?
Labrador retriever
(It's held the spot for
30 years)
67%
A dog has a print on its body that is unique, different from any other
dog, similar to a human fingerprint. What part of the body contains this?
Nose
67%
The United States takes the number 1 spot in the world for most pet
dogs of any country. What country takes 2nd place?
Brazil
33%
The dog is thought by many to be the first ever domesticated animal.
What is the other most likely one, estimated to be first domesticated
around 10,000 BC?
Goats
33%
What was the breed of the largest dog ever?Mastiff
33%
The Australian Shepherd is not actually from Australia. Where does
this dog breed originate?
United States
33%
What is the name for a person who hunts a beagle?Beagler
0%
What is the scientific name for a domestic dog?Canis familiaris
0%
What was the least popular dog breed in 2020?Norwegian Lundehund
0%

Score Distribution

Percentile by Number Answered

Percent of People with Each Score

Your Score History

You have not taken this quiz